Amor a palos. La violencia en la pareja en Santiago (1900-1920)

Guardat en:
Dades bibliogràfiques
Autor principal: Fernández Smits, María Paz (Autor)
Format: Llibre
Idioma:espanyol
Publicat: Santiago, Chile LOM 2011
Col·lecció:Colección Historia
Matèries:
Etiquetes: Afegir etiqueta
Sense etiquetes, Sigues el primer a etiquetar aquest registre!

MARC

LEADER 00000cam a2200000 a 4500
001 UCF7013
003 CL-VaPUC
005 20250228090243.0
008 130606e20110000CL |||||||||||||||||spa|d
999 |c 351980  |d 351978 
020 |a 9789560002563 
040 |c Pontificia Universidad Católica de Valparaíso 
082 0 4 |a 362.82983 FER 2011  |2 21 
100 0 |a Fernández Smits, María Paz  |e author  |9 568989 
245 1 0 |a Amor a palos.   |b La violencia en la pareja en Santiago (1900-1920) 
260 |a Santiago, Chile  |b LOM  |c 2011 
300 |a 152 páginas 
440 |a Colección Historia  |9 856680 
583 |a last modification  |c 20190515 04:44:31  |k Rodrigo Vera 
650 0 |a Violencia conyugal  |y (1900-1920)  |z SANTIAGO(CHILE)  |9 259238 
650 0 |a Violencia intrafamiliar  |9 312986 
852 |a BIBHIS 
942 |c BK  |2 ddc 
945 |d 20130606 00:00:00  |a dcastane 
952 |0 0  |1 0  |4 0  |6 362_829830000000000_FER_2011  |7 0  |8 X  |9 456452  |a FDOBUD  |b FDOBUD  |d 2019-11-22  |i 4881052  |o 362.82983 FER 2011  |p 4881052  |r 2019-11-22  |w 2019-11-22  |y BK_X  |k BUD 
952 |0 0  |1 0  |4 0  |6 362_829830000000000_FER_2011  |7 0  |8 A  |9 456453  |a BIBHIS  |b BIBHIS  |d 2019-11-22  |i 4979494  |o 362.82983 FER 2011  |p 4979494  |r 2025-01-20  |w 2019-11-22  |y BK  |k HIS 
952 |0 0  |1 0  |3 erb  |4 0  |6 362_829830000000000_FER_2011  |7 0  |8 A  |9 456454  |a BIBHIS  |b BIBHIS  |i 5140420  |l 1  |o 362.82983 FER 2011  |p 5140420  |r 2025-01-20  |s 2022-10-17  |w 2019-11-22  |y BK  |z Catalogado en:20150312  |k HIS 
952 |0 0  |1 0  |3 erb  |4 0  |6 362_829830000000000_FER_2011  |7 0  |8 A  |9 456455  |a BIBHIS  |b BIBHIS  |d 2019-05-09  |e 11  |g 7600.00  |i 5549523  |o 362.82983 FER 2011  |p 5549523  |r 2025-01-20  |v 7600.00  |w 2019-11-22  |y BK  |z Catalogado en:20190520  |k HIS